100 truyện ngắn hay Việt Nam
में बचाया:
| स्वरूप: | पुस्तक |
|---|---|
| भाषा: | Undetermined |
| प्रकाशित: |
Hà Nội
Hội Nhà Văn
1998
|
| विषय: | |
| टैग : |
टैग जोड़ें
कोई टैग नहीं, इस रिकॉर्ड को टैग करने वाले पहले व्यक्ति बनें!
|
| Thư viện lưu trữ: | Trung tâm Học liệu Trường Đại học Cần Thơ |
|---|
| LEADER | 00448nam a2200145Ia 4500 | ||
|---|---|---|---|
| 001 | CTU_25210 | ||
| 008 | 210402s9999 xx 000 0 und d | ||
| 082 | |a 895.922301 | ||
| 082 | |b Tr527vn | ||
| 245 | 0 | |a 100 truyện ngắn hay Việt Nam | |
| 260 | |a Hà Nội | ||
| 260 | |b Hội Nhà Văn | ||
| 260 | |c 1998 | ||
| 650 | |a short stories vietnamese - 20th century - collections | ||
| 980 | |a Trung tâm Học liệu Trường Đại học Cần Thơ | ||